MARC details
| 000 -CABECERA |
| campo de control de longitud fija |
06156nam a2200505Ia 4500 |
| 001 - NÚMERO DE CONTROL |
| campo de control |
dia_6349 |
| 003 - IDENTIFICADOR DEL NÚMERO DE CONTROL |
| campo de control |
CHAP |
| 005 - FECHA Y HORA DE LA ÚLTIMA TRANSACCIÓN |
| campo de control |
20240813181806.0 |
| 007 - CAMPO FIJO DE DESCRIPCIÓN FÍSICA--INFORMACIÓN GENERAL |
| campo de control de longitud fija |
ta |
| 008 - DATOS DE LONGITUD FIJA--INFORMACIÓN GENERAL |
| campo de control de longitud fija |
220117s2016 mx ad frm 001 0 spa d |
| 010 ## - NÚMERO DE CONTROL DE LA BIBLIOTECA DEL CONGRESO |
| Número de control de LC |
177774 |
| 040 ## - FUENTE DE LA CATALOGACIÓN |
| Centro/agencia transcriptor |
CHAP |
| Centro catalogador/agencia de origen |
mxchpua |
| Normas de descripción |
rda |
| 041 0# - CÓDIGO DE LENGUA |
| Código de lengua del texto/banda sonora o título independiente |
spa |
| Código de lengua del sumario o resumen |
eng |
| 090 ## - LOCALMENTE ASIGNADO TIPO-LC NÚMERO DE CLASIFICACIÓN (OCLC); NÚMERO DE CLASIFICACIÓN LOCAL (RLIN) |
| Número de clasificación (OCLC) (R) ; Numero de clasificación, CALL (RLIN) (NR) |
Tesis |
| Número cutter local (OCLC) ; Número de libro/Signatura topográfica íntegra, CALL (RLIN) |
R46 |
| año |
2016 |
| 100 1# - ENTRADA PRINCIPAL--NOMBRE DE PERSONA |
| Nombre de persona |
Rendón Rosales, Miguel Ángel |
| 245 10 - MENCIÓN DE TÍTULO |
| Título |
Actividad antitrombótica in vitro de leches fermentadas por cepas específicas de baterias ácido lácticas / |
| Mención de responsabilidad, etc. |
Miguel Ángel Rendón Rosales |
| 264 ## - PRODUCCIÓN, PUBLICACIÓN, DISTRIBUCIÓN, FABRICACIÓN Y COPYRIGHT |
| Producción, publicación, distribución, fabricación y copyright |
Chapingo, México : |
| Nombre del de productor, editor, distribuidor, fabricante |
El autor, |
| Fecha de producción, publicación, distribución, fabricación o copyright |
2016 |
| 300 ## - DESCRIPCIÓN FÍSICA |
| Extensión |
xi, 60 hojas : |
| Otras características físicas |
ilustraciones, gráficas, diagramas, tablas + |
| Material acompañante/anejo |
1 CD-ROM |
| 336 ## - TIPO DE CONTENIDO |
| Fuente |
rdacontent |
| Término de tipo de contenido |
texto |
| Código de tipo de contenido |
txt |
| 337 ## - TIPO DE MEDIO |
| Fuente |
rdamedia |
| Nombre/término del tipo de medio |
no mediado |
| Código del tipo de medio |
n |
| 338 ## - TIPO DE SOPORTE |
| Fuente |
rdacarrier |
| Nombre/término del tipo de soporte |
volumen |
| Código del tipo de soporte |
nc |
| 500 ## - NOTA GENERAL |
| Nota general |
El CD contiene presentación y reporte. |
| 502 ## - NOTA DE TESIS |
| Nota de tesis |
Tesis |
| Tipo de título |
(Ingeniero Agroindustrial) -- |
| Nombre de la institución que otorga el título |
UACh. Departamento de Ingeniería Agroindustrial, |
| Año de obtención del título |
2016 |
| 504 ## - NOTA DE BIBLIOGRAFÍA, ETC. |
| Nota de bibliografía, etc. |
Bibliografía: hojas 51-59 |
| 520 3# - SUMARIO, ETC. |
| Sumario, etc. |
De acuerdo con la Organización Mundial de la Salud (OMS), las enfermedades cardiovasculares son la principal causa de muerte en todo el mundo. Entre estas enfermedades, la trombosis es la patología subyacente más importante que puede causar infartos al miocardio. Para su prevención, se recurren a fármacos anticoagulantes; sin embargo, se ha visto que estos pueden ser costosos y algunas veces presentan efectos secundarios. Por lo anterior, se ha sugerido buscar alternativas no farmacológicas que contribuyan a disminuir este riesgo. Estudios recientes han demostrado que algunos alimentos pueden actuar inhibiendo la formación de trombos, tal es el caso de la leche y los productos lácteos. Recientemente se ha reportado que ciertos péptidos generados debido la hidrólisis de las proteínas por parte de las bacterias ácido lácticas (BAL) en las leches fermentadas, presentan diferentes actividades biológicas tal como la antitrombótica. Por lo anterior, el presente trabajo tuvo como objetivo evaluar la actividad antitrombótica de extractos acuosos provenientes de leches fermentadas por BAL específicas. Para lograr el objetivo, se emplearon cuatro cepas de Lactobacillus y seis de Enterococcus, las cuales fueron seleccionadas con base a su actividad proteolítica en leche de un total de 50 cepas previamente aisladas de Queso de Poro de Balancán, Tabasco. Para la determinación de la actividad antitrombótica, se determinó la capacidad (%) y eficiencia de inhibición (IER) de la coagulación catalizada por trombina. Se emplearon extractos crudos y ultrafiltrados (3KDa y 10KDa) preparados a partir de leches fermentadas por las 10 diferentes cepas a 48 h de fermentación. Los extractos <10KDa de las cepas 9 y 12 presentaron la mayor capacidad de inhibición de trombina, con un porcentaje de inhibición de 49% para ambos. Sin embargo, la mayor eficiencia de inhibición fue presentada por los extractos < 3KDa de las cepas 9, 47, 50 y 56, al requerir concentraciones mínimas peptídicas de 0.53, 0.57, 0.74 y 0.62, mg mL-1, respectivamente, para inhibir parcialmente el coágulo. Por lo anterior, la cepa 9 (Lactobacillus) y 47, 50 y 56 (Enterococcus), podrían ser utilizadas para la producción de leches fermentadas con efecto antitrombótico. -- |
| 520 3# - SUMARIO, ETC. |
| Sumario, etc. |
According to the WHO, cardiovascular diseases are the most important cause of global mortality. Thrombosis, is a common pathology causing ischemic heart disease, thus, to prevent this, antiplatelet drugs are used. However, it has been reported that this treatments can be expensive and sometimes have side effects. Therefore, it has been suggested that non-pharmacological alternatives can help reduce this risk. Recent studies have shown that some foods can act to inhibit thrombus formation, such as milk and dairy products. Recently it has been reported that certain peptides generated by the hydrolysis of proteins by lactic acid bacteria (LAB) in fermented milk, have different biological activities such as the antithrombotic activity. For these reasons, the objective of the present study was to evaluate the antithrombotic activity of aqueous extracts from milk, fermented by specific lactic acid bacteria. To achieve this objective, four strains of Lactobacillus and six of Enterococcus were used, these strains were evaluated and selected based on their proteolytic activity in milk from a total of 50 strains previously isolated from Tabasco Poro cheese. For the determination of the antithrombotic activity, the percentage (%) and efficiency of thrombin inhibition (IER) were determined. Two different ultrafiltered extracts were used (smaller than 10 kDa, and 3 kDa) and also a crude extract (without ultrafiltration) was evaluated. These extracts was prepared from milk with 48 h of fermentation. In the evaluation, <10 kDa extracts from strains 9 and 12 had the highest thrombin inhibition, which corresponds to 49% of inhibition. However, the highest efficiency of inhibition was presented by <3 kDa extracts from strains 9, 47, 50 and 56, requiring minimum peptide concentrations of 0.53, 0.57, 0.74 and 0.62 mg mL-1, respectively, to inhibit clotting partially. According to the results, strains 9, 47, 50 and 56, could be used for the production of fermented milks with antithrombotic effect. |
| 650 13 - PUNTO DE ACCESO ADICIONAL DE MATERIA--TÉRMINO DE MATERIA |
| Término de materia o nombre geográfico como elemento de entrada |
Cepas |
| Subdivisión general |
Bacterias del ácido láctico |
| Fuente del encabezamiento o término |
atg |
| 650 13 - PUNTO DE ACCESO ADICIONAL DE MATERIA--TÉRMINO DE MATERIA |
| Término de materia o nombre geográfico como elemento de entrada |
Fermentación láctica |
| Fuente del encabezamiento o término |
atg |
| 650 13 - PUNTO DE ACCESO ADICIONAL DE MATERIA--TÉRMINO DE MATERIA |
| Término de materia o nombre geográfico como elemento de entrada |
Leche fermentada |
| Fuente del encabezamiento o término |
atg |
| 650 13 - PUNTO DE ACCESO ADICIONAL DE MATERIA--TÉRMINO DE MATERIA |
| Término de materia o nombre geográfico como elemento de entrada |
Trombina |
| Subdivisión general |
Inhibición ezimática |
| Fuente del encabezamiento o término |
atg |
| 650 13 - PUNTO DE ACCESO ADICIONAL DE MATERIA--TÉRMINO DE MATERIA |
| Término de materia o nombre geográfico como elemento de entrada |
Fermented milk |
| Fuente del encabezamiento o término |
atg |
| 650 13 - PUNTO DE ACCESO ADICIONAL DE MATERIA--TÉRMINO DE MATERIA |
| Término de materia o nombre geográfico como elemento de entrada |
Lactic fermentation |
| Fuente del encabezamiento o término |
atg |
| 650 13 - PUNTO DE ACCESO ADICIONAL DE MATERIA--TÉRMINO DE MATERIA |
| Término de materia o nombre geográfico como elemento de entrada |
Strains |
| Subdivisión general |
Lactic acid bacteria |
| Fuente del encabezamiento o término |
atg |
| 650 13 - PUNTO DE ACCESO ADICIONAL DE MATERIA--TÉRMINO DE MATERIA |
| Término de materia o nombre geográfico como elemento de entrada |
Thrombin |
| Subdivisión general |
Enzyme inhibicion |
| Fuente del encabezamiento o término |
atg |
| 700 1# - PUNTO DE ACCESO ADICIONAL--NOMBRE DE PERSONA |
| Nombre de persona |
Vallejo Galland, Belinda |
| Término indicativo de función/relación |
directora |
| 700 1# - PUNTO DE ACCESO ADICIONAL--NOMBRE DE PERSONA |
| Nombre de persona |
Sandoval Castilla, Ofelia |
| Término indicativo de función/relación |
asesora |
| 700 1# - PUNTO DE ACCESO ADICIONAL--NOMBRE DE PERSONA |
| Nombre de persona |
Santos Moreno, Armando |
| Término indicativo de función/relación |
asesor |
| 856 41 - LOCALIZACIÓN Y ACCESO ELECTRÓNICOS |
| Identificador Uniforme del Recurso |
<a href="http://10.13.5.2/tesis/sist112800.pdf">http://10.13.5.2/tesis/sist112800.pdf</a> |
| Texto de enlace |
DESCARGAR PDF |
| 901 ## - ELEMENTOS DE DATOS A LOCAL LDA (RLIN) |
| a |
TESIS R46 2016 |
| 942 ## - ELEMENTOS DE PUNTO DE ACCESO ADICIONAL (KOHA) |
| Tipo de ítem Koha |
TESIS |
| Fuente del sistema de clasificación o colocación |
Clasificación Universidad Autónoma Chapingo |
| 902 ## - ELEMENTOS DE DATOS B LOCAL, LDB (RLIN) |
| a |
M |
| 905 ## - ELEMENTOS DE DATOS E LOCAL, LDE (RLIN) |
| a |
5232272016 mx nml 8223123322spa16 |